Vocabulaire Anglais - Scientific Innovations and Responsibilities - Statistiques

Statistiques générales
  • Ce quiz a été pris 27 fois
  • Le résultat moyen est 42 sur 107
Statistiques - réponses
Hint Réponse % Correct
cerveau brain
91%
contrôler (c...) control
82%
ADN DNA
82%
artificiel artificial
73%
dystopie dystopia
73%
fantaisie fantasy
73%
se battre contre fight against
73%
avantage advantage
64%
autoriser allow
64%
être conscient de be aware of
64%
diabolique/mal evil
64%
immortel immortal
64%
progrès progress
64%
remplacer replace
64%
utopie utopia
64%
efficace efficient
55%
réparer (f...) fix
55%
immortalité immortality
55%
brancher plug
55%
prédire predict
55%
prototype prototype
55%
fiable reliable
55%
compétence skill
55%
menace threat
55%
transhumain transhuman
55%
bizarre/étrange weird
55%
robot (a...) android
45%
intelligence artificielle artificial intelligence
45%
corvée chore
45%
appareil (d...) device
45%
électronique electronics
45%
éliminer eliminate
45%
éthique ethical
45%
fascinant fascinating
45%
génétique genetics
45%
intrusif intrusive
45%
rendre les choses plus faciles make things easier
45%
jouer avec le feu play with fire
45%
programmé programmed
45%
réparer (r...) repair
45%
scientifique (nom commun) scientist
45%
conscient de soi self-aware
45%
intelligent smart
45%
menacer threaten
45%
améliorer (u...) upgrade
45%
inquiétant worrying
45%
précis (a...) accurate
36%
avancée advance
36%
algorithme algorithm
36%
prothèse articulée articulated prosthesis
36%
aider/assister assist
36%
permettre à qqn de enable somebody to
36%
améliorer (e...) enhance
36%
éradiquer eradicate
36%
humanoïde human-like
36%
antropomorphe humanoid
36%
hybride hybrid
36%
fécondation in-vitro (FIV) in-vitro fertilization (IVF)
36%
micropuce microchip
36%
microprocesseur microprocessor
36%
microscopique microscopic
36%
contrôler (m...) monitor
36%
liberté morphologique morphological freedom
36%
rebelle rebel
36%
robotique robotics
36%
capteur sensor
36%
réussite/réalisation achievement
27%
appareil (a...) appliance
27%
découverte capitale breakthrough
27%
déféctueux defective
27%
augmenté enhanced
27%
exosquelette exoskeleton
27%
nocif harmful
27%
hazardeux hazardous
27%
envahissant invasive
27%
mener à sa perte lead to its loss
27%
obéissant obedient
27%
opérationnel operative
27%
incontrôlable out of control
27%
vaincre le viellissement overcome aging
27%
intrigue plot
27%
précis (p...) precise
27%
prometteur promising
27%
prothèse prosthesis
27%
regénérer des cellules regenerate cells
27%
sans rique risk-free
27%
chercher à mettre fin seek to end
27%
réaliser une expérience carry out an experiment
18%
exploration de données data mining
18%
préjudiciable/néfaste detrimental
18%
désavantage drawback
18%
génétiquement modifié genetically engineered
18%
révolutionnaire groundbreaking
18%
nuire à qqn harm someone
18%
apprentissage automatique machine learning
18%
réseau neuronal neural network
18%
soulever un problème raise an issue
18%
se lever ou s'insurger rise up
18%
dernier cri/de pointe state-of-the-art
18%
robot chirurgien/chirurgical surgical robotl
18%
aller au delà/dépasser transcend
18%
informatique cognitive cognitive computing
9%
intimidant/redoutable daunting
9%
surveillance oversight
9%
effectuer/accomplir perform
9%
se dérouler unfold
9%
remettre en question call into question
0%
Aucun quiz correspondant
Distribution des résultats
% des personnes avec chaque résultat
Percentile par nombre de réponses
Votre historique - résultats
Vous n’avez pas pris ce quiz